| 000 | 01079nam a22003377a 4500 | ||
|---|---|---|---|
| 003 | CHAP | ||
| 005 | 20220329133002.0 | ||
| 008 | 971013s1989 r 00010 d | ||
| 010 | _a952 | ||
| 011 | _a1924 | ||
| 035 | _a1109 | ||
| 040 | _cCHAP | ||
| 082 |
_a630.24 _bT4 1989-90 |
||
| 100 | 0 | 0 |
_aThomson, William T. _9112956 |
| 245 | _aAgricultural chemicals | ||
| 250 | _aEd. rev | ||
| 260 |
_aFresno, Ca. : _bThomson, _c1989 |
||
| 300 | _aV. | ||
| 500 | _aLa biblioteca tiene: V.1 Insecticides, V.2 Herbicides | ||
| 590 |
_aBATCH-UPD _b10 _c20130110 _lUCH01 _h0907 |
||
| 590 |
_aBATCH-UPD _b10 _c20130410 _lUCH01 _h0534 |
||
| 590 |
_aBATCH-UPD _b10 _c20130914 _lUCH01 _h1607 |
||
| 590 |
_aCONVERSION _b10 _c20130109 _lUCH01 _h1302 |
||
| 650 | 1 | 4 |
_aHerbicidas. _953691 |
| 650 | 1 | 4 |
_aInsecticidas. _958855 |
| 650 | 1 | 4 |
_aQuímica agrícola. _993576 |
| 901 | _aBK | ||
| 942 | _cLIBRO | ||
| 949 |
_a630.24 T4 1989-90 _bBC _cLIBRO _d-70188 _eLIBRO _fv.2 _gI. c/e _h77891 _i1109 _si _t68.40 |
||
| 949 |
_a630.24 T4 1989-90 _bBC _cLIBRO _d33724000029708 _eLIBRO _fv.1 _gI. c/e _h77890 _i1109 _si _t68.40 |
||
| 999 |
_c952 _d952 |
||